LEADER 00936nam a2200217 4500 001 000000351341 003 CaOOAMICUS 005 20240408104926.0 008 220824s1825 it 000 u ita r 026 $ea.r- i.re viTA PoME (3) 1825 (R) 040 $aSeMil$bita 245 00$aVolume 1 /$c[Virgilio]. 264 1$aMilano :$bPer Antonio Fontana,$c1825. 300 $aVI, [2], 294, [2] p. ;$c12° 500 $aSegn.: ?? 1-18/? 19/¹? 773 0 $aVergilius Maro, Publius <70-19 a.C.>$tOpere tradotte. Volume 1. [-2.].$dMilano : Per Antonio Fontana, 1825.$kBiblioteca portatile latina italiana e francese. Classe italiana$g1$w()351340 850 $aSeMil 852 $aSeMil$W1$xVenegono$y1$m2ZB X 37 FA$j234019$B242405$CSeMilBibl$Z2$F242405 $8I 996 $6245$aVolume 1$9(OLS)http://semarc/title/445305 996 $6264$aMilano :$bPer Antonio Fontana$9(OLS)http://semarc/publisher/35032 LEADER 00790nam a2200181 i 4500 001 000000214708 003 CaOOAMICUS 005 20240521145029.0 008 120801s1857 it u000 u ita u 040 $aSeMil$bita 100 1 $aCharvaz, André,$c.$0(OLS)http://semarc/name/12409 245 10$aVol. 5. 300 $a237 p. 773 0 $aCharvaz, André $tGuida del catecumeno valdese, ossia difesa del cattolicismo contro gli errori dei protestanti.$dTorino : Speirani e Tortone, 1857.$kBiblioteca ecclesiastica$g5$w()27177 850 $aSeMil 852 $aSeMil$W1$xVenegono$y1$m2B IV 21 FA$j165129$B165129$CSeMilBibl$Z2$F176079 $8I 996 $6245$aVol. 5$9(OLS)http://semarc/title/108696